Central Library OPAC University of Rajshahi

Rethinking presidency and parliament in India / (Record no. 42608)

MARC details
000 -LEADER
fixed length control field 00782nam a2200265 a 4500
001 - CONTROL NUMBER
control field 42608
003 - CONTROL NUMBER IDENTIFIER
rucl marc code BD-RjUL
005 - DATE AND TIME OF LATEST TRANSACTION
control field 20211209053550.0
008 - FIXED-LENGTH DATA ELEMENTS--GENERAL INFORMATION
fixed length control field 160614s1989 ii b 001 0 eng
020 ## - INTERNATIONAL STANDARD BOOK NUMBER
International Standard Book Number 8122900011
035 ## - SYSTEM CONTROL NUMBER
System control number (BD-RjUL)42726
040 ## - CATALOGING SOURCE
Original cataloging agency DLC
Transcribing agency DLC
Modifying agency BD-RjUL
Language of cataloging eng
041 ## - LANGUAGE CODE
Language code of text/sound track or separate title eng
082 ## - DEWEY DECIMAL CLASSIFICATION NUMBER
Classification number 352.230954
Edition number 23
Author mark and year RAR 1989
100 0# - MAIN ENTRY--PERSONAL NAME
Personal name Raj, Hans
Dates associated with a name 1947-
9 (RLIN) 130991
245 10 - TITLE STATEMENT
Title Rethinking presidency and parliament in India /
Statement of responsibility, etc. Dr. Hans Raj
250 ## - EDITION STATEMENT
Edition statement 1st ed.
260 ## - PUBLICATION, DISTRIBUTION, ETC. (IMPRINT)
Place of publication, distribution, etc. Delhi :
Name of publisher, distributor, etc. Surjeet Publications,
Date of publication, distribution, etc. 1989.
300 ## - PHYSICAL DESCRIPTION
Pagination [8], 224 p. ;
Size 22 cm.
504 ## - BIBLIOGRAPHY, ETC. NOTE
Bibliography, etc Includes Bibliography and index.
650 #0 - SUBJECT ADDED ENTRY--TOPICAL TERM
Topical term or geographic name as entry element Presidents
Geographic subdivision India.
9 (RLIN) 130992
Topical term or geographic name as entry element Prime ministers
Geographic subdivision India.
9 (RLIN) 130993
Topical term or geographic name as entry element Executive power
Geographic subdivision India.
9 (RLIN) 130994
942 ## - ADDED ENTRY ELEMENTS (KOHA)
Source of classification or shelving scheme Dewey Decimal Classification
Koha item type Books
Holdings
Lost status Source of classification or shelving scheme Damaged status Not for loan Collection code Permanent Location Current Location Shelving location Date acquired Source of acquisition Cost, normal purchase price Total Checkouts Full call number Date last seen Copy number Koha item type
  Dewey Decimal Classification     Non-fiction Central Library, University of Rajshahi Central Library, University of Rajshahi   16/06/1999 Ankur Prokashoni, Dhaka 122.00   352.230954 RAR 1989 14/06/2016 C-2 Books
  Dewey Decimal Classification     Non-fiction Central Library, University of Rajshahi Central Library, University of Rajshahi   16/06/1999 Ankur Prokashoni, Dhaka 122.00   352.230954 RAR 1989 15/12/2016 C-3 Books